Every Place In Jefferson County, WI - Statistics

General Stats
  • This quiz has been taken 3 times
  • The average score is 3 of 7
Answer Stats
Letter Population Answer % Correct
J 7,757 Jefferson
67%
J 3,426 Johnson Creek
67%
W 3,668 Waterloo
67%
F 12,276 Fort Atkinson
33%
L 6,793 Lake Mills
33%
S 653 Sullivan
33%
P 1,715 Palmyra
0%
No matching quizzes found
Score Distribution
Percent of People with Each Score
Percentile by Number Answered
Your Score History
You have not taken this quiz